Normal view
MARC view
Entry Topical Term
001 - CONTROL NUMBER
- control field: 31374
003 - CONTROL NUMBER IDENTIFIER
- control field: OSt
005 - DATE AND TIME OF LATEST TRANSACTION
- control field: 20260629113117.0
008 - FIXED-LENGTH DATA ELEMENTS
- fixed length control field: 260629|| aca||aabn | a|a d
040 ## - CATALOGING SOURCE
- Original cataloging agency: OSt
- Transcribing agency: OSt
150 ## - HEADING--TOPICAL TERM
- Topical term or geographic name entry element: School Violence Psychological aspects
670 ## - SOURCE DATA FOUND
- Source citation: Work cat.: (OSt)25299: Jaycox, Lisa 31371, CBITS: Cognitive Behavioral Intervention for Trauma in Schools, 2004
